00891nam a2200253Ia 450000500170000000800410001702000180005808200190007610000340009524501180012925000180024730000580026549000210032350000410034465000340038565000300041994200120044926400380046133600270049933700330052633800280055904000350058799900150062220220317001547.0161108s2013 ck a g 000 0 s  a978958762177804a658.1512bC67c1 aCórcoles Cubero, Ana Isabel10aCómo realizar buenos informesbsorprenda con informes claros, directos y concisoscAna Isabel Córcoles Cubero a1a. edición a135 páginasbilustraciones en blanco y negroc24 cm aAdministración aIncluye referencias bibliográficas142LEMBaRedacción de informes142LEMBaInformes técnicos 2ddccBK aBogotábEdiciones de la Uc2013 atextobtxt2rdacontent asin mediaciónbn2rdamedia avolumenbnc2rdacarrier aCO-BoRNBPbspaerdacCO-BoRNBP c7369d7369